Quiz wiedzy ogólnej #14 - Statystyki

Ogólne statystyki
  • Ten quiz został rozwiązany 1 710 razy
    1 488 od ostatniego zresetowania
  • Średni wynik to 10 z 20
Statystyki odpowiedzi
Pytanie Odpowiedź % Poprawnych
Jaki jest drugi najpopularniejszy język w Stanach Zjednoczonych? Hiszpański
90%
Według Biblii, w jakim mieście urodził się Jezus? Betlejem
87%
Częścią jakiego kraju jest Tasmania? Australia
76%
Co oznacza skrót PKP Polskie Koleje Państwowe
76%
Jakie słowo oznacza naukę i praktykę tworzenia map? Kartografia
73%
Jakie jest największe miasto w Polsce zaczynające się na F? Frombork
66%
Którego greckiego boga uważano za tożsamego z rzymskim bogiem Jowiszem? Zeus
63%
Częścią jakiego kraju jest Flandria? Belgia
58%
Z jakiego kraju pochodziło 15 zamachowców z 11 września? Arabia Saudyjska
53%
Jaka miejscowość na Mierzei Helskiej określana jest stolicą polskiego surfingu? Chałupy
46%
Jaki pospolity orkiestrowy instrument strunowy jest większy od altówki alemniejszy od basu? Wiolonczela
45%
Jakim krajem władali Benazir Bhutto i Pervez Musharraf? Pakistan
38%
Jaki samochód nazywa się garbusem? Volkswagen {Beetle}
34%
Jakie jest największe miasto w Arizonie? Phoenix
30%
Kto był autorem teorii o nadczłowieku (Übermensch)? Friedrich Nietzsche
29%
Kto napisał historię, na podstawie której powstał film „Skazani na Shawshank”? Stephen King
29%
Podczas jakiego święta tradycyjnie jada się macę? Pascha
28%
Jaki typ wielbłąda ma dwa garby? Baktrian
25%
Kto napisał list do sułtana Mehmeda IV który prawie rozpętał wojnę? Kozacy {zaporoscy}
25%
Jak ma na imię pies Doroty z „Czarnoksiężnika z krainy Oz”? Toto
11%
Nie znaleziono quizów pasujących do podanych kryteriów
Rozkład punktacji
Procent ludzi z każdym wynikiem
Percentyl według liczby udzielonych odpowiedzi
Twoja historia wyników
Nie rozwiązałeś tego quizu od ostatniego zresetowania